[Event "BL 0102 (Women)"]
[Site "Germany"]
[Date "2001.10.28"]
[Round "2.6"]
[White "Schulz, Tina"]
[Black "Rubene, Ilze"]
[Result "0-1"]
[WhiteElo "1912"]
[BlackElo "2189"]
[PlyCount "70"]
[EventDate "2001.10.27"]
[EventType "team-tourn"]
[EventRounds "11"]
[EventCountry "GER"]
[SourceTitle "EXT 2003"]
[Source "ChessBase"]
[SourceDate "2002.11.25"]
[SourceVersion "1"]
[SourceVersionDate "2002.11.25"]
[SourceQuality "1"]
[WhiteTeam "Karlsruhe"]
[BlackTeam "Kiel"]
[WhiteTeamCountry "GER"]
[BlackTeamCountry "GER"]

1. d4 d5 2. Nf3 Nf6 3. Bf4 c6 4. c3 Bf5 5. Nbd2 e6 6. e3 Be7 7. Ne5 h6 8. Bd3 Bxd3 9. Nxd3 Nbd7 10. Qe2 0-0 11. e4 Nxe4 12. Nxe4 dxe4 13. Qxe4 Nf6 14. Qf3 Qd5 15. Qxd5 cxd5 16. 0-0 Rfc8 17. Rac1 b5 18. b4 a5 19. a3 axb4 20. axb4 Ne4 21. Nc5 Bxc5 22. dxc5 Ra3 23. Be5 f6 24. f3 Nd2 25. Bg3 Nxf1 26. Kxf1 Kf7 27. Bd6 e5 28. f4 Ke6 29. g4 g6 30. fxe5 fxe5 31. Re1 e4 32. Re3 Rb3 33. Kf2 Ra8 34. h4 Ra2+ 35. Kg3 Rc2 0-1

[Event "Wichern op 6th"]
[Site "Hamburg"]
[Date "2001.10.15"]
[Round "3.11"]
[White "Mollah Abdullah, Al Rakib"]
[Black "Rubene, Ilze"]
[Result "1/2-1/2"]
[WhiteElo "2397"]
[BlackElo "2189"]
[PlyCount "45"]
[EventDate "2001.10.21"]
[EventType "swiss"]
[EventRounds "9"]
[EventCountry "GER"]
[SourceTitle "EXT 2002"]
[Source "ChessBase"]
[SourceDate "2001.11.25"]
[SourceVersion "1"]
[SourceVersionDate "2001.11.25"]
[SourceQuality "1"]

1. d4 d5 2. c4 c6 3. Nc3 Nf6 4. e3 g6 5. Nf3 Bg7 6. Be2 0-0 7. 0-0 e6 8. Bd2 Ne4 9. Be1 Nd7 10. Qc2 f5 11. Rd1 Kh8 12. b4 g5 13. Kh1 g4 14. Ng1 Qg5 15. f3 gxf3 16. gxf3 Nxc3 17. Qxc3 Qh6 18. Bg3 Nf6 19. Bf4 Qh4 20. Bg3 Qh6 21. Bf4 Qh4 22. Bg3 Qh6 23. Bf4 1/2-1/2

[Event "Wichern op 6th"]
[Site "Hamburg"]
[Date "2001.10.14"]
[Round "2.11"]
[White "Rubene, Ilze"]
[Black "Hossain, Enamul"]
[Result "1/2-1/2"]
[WhiteElo "2189"]
[BlackElo "2353"]
[PlyCount "63"]
[EventDate "2001.10.21"]
[EventType "swiss"]
[EventRounds "9"]
[EventCountry "GER"]
[SourceTitle "EXT 2002"]
[Source "ChessBase"]
[SourceDate "2001.11.25"]
[SourceVersion "1"]
[SourceVersionDate "2001.11.25"]
[SourceQuality "1"]

1. d4 Nf6 2. Nf3 g6 3. c4 Bg7 4. g3 0-0 5. Bg2 d5 6. cxd5 Nxd5 7. 0-0 Nb6 8. Nc3 Nc6 9. d5 Na5 10. e4 c6 11. Bg5 h6 12. Bf4 cxd5 13. Nxd5 Nac4 14. b3 Nxd5 15. exd5 Nd6 16. Be5 Bf5 17. Re1 Re8 18. Nd4 Bd7 19. Bxg7 Kxg7 20. Rc1 Qb6 21. Qd3 Qa5 22. Qe2 Rac8 23. Rxc8 Rxc8 24. h4 h5 25. Kh2 Qc3 26. Qe5+ Kg8 27. Re3 Qd2 28. Re2 Qd1 29. Re1 Qd2 30. Re2 Qd1 31. Re1 Qd2 32. Re2 1/2-1/2

[Event "Hasselbacken op (Women)"]
[Site "Stockholm"]
[Date "2001.07.31"]
[Round "4"]
[White "Rubene, Ilze"]
[Black "Dalmau, Anneli"]
[Result "1-0"]
[WhiteElo "2189"]
[BlackElo "2026"]
[PlyCount "81"]
[EventDate "2001.07.28"]
[EventType "swiss"]
[EventRounds "9"]
[EventCountry "SWE"]
[SourceTitle "EXT 2002"]
[Source "ChessBase"]
[SourceDate "2001.11.25"]
[SourceVersion "1"]
[SourceVersionDate "2001.11.25"]
[SourceQuality "1"]

1. d4 f5 2. g3 Nf6 3. Bg2 g6 4. Nf3 Bg7 5. 0-0 0-0 6. c4 e6 7. Nc3 d6 8. Qc2 Nc6 9. Rd1 Qe7 10. d5 exd5 11. cxd5 Nb4 12. Qb3 Na6 13. Be3 h6 14. Rac1 Kh7 15. Qc4 Ng4 16. Bd2 Nc5 17. h3 Nf6 18. b4 Nce4 19. Nxe4 fxe4 20. Nd4 Bd7 21. Be3 Rac8 22. b5 Qe5 23. Nc2 Qh5 24. g4 Qe5 25. Nb4 Rf7 26. a4 Rcf8 27. Qd4 Qe8 28. Qxa7 Bxg4 29. hxg4 Nxg4 30. Bd4 c5 31. dxc6 bxc6 32. Qb6 c5 33. Bxg7 Kxg7 34. Rxd6 Rxf2 35. Qxc5 R8f7 36. Qd4+ Ne5 37. Nc6 R2f5 38. Rc5 Qf8 39. Rxe5 Rf1+ 40. Bxf1 Rxf1+ 41. Kg2 1-0

[Event "Hasselbacken op (Women)"]
[Site "Stockholm"]
[Date "2001.07.28"]
[Round "1"]
[White "Ericsson, Susanne"]
[Black "Rubene, Ilze"]
[Result "0-1"]
[WhiteElo "2040"]
[BlackElo "2189"]
[PlyCount "48"]
[EventDate "2001.07.28"]
[EventType "swiss"]
[EventRounds "9"]
[EventCountry "SWE"]
[SourceTitle "EXT 2002"]
[Source "ChessBase"]
[SourceDate "2001.11.25"]
[SourceVersion "1"]
[SourceVersionDate "2001.11.25"]
[SourceQuality "1"]

1. e4 Nf6 2. e5 Nd5 3. d4 d6 4. c4 Nb6 5. exd6 cxd6 6. Bd3 Nc6 7. Ne2 g6 8. Nbc3 Bg7 9. Be3 0-0 10. b3 e5 11. d5 Nb4 12. 0-0 f5 13. f4 Nd7 14. a3 Nxd3 15. Qxd3 b6 16. fxe5 dxe5 17. d6 Bb7 18. b4 f4 19. Bc1 e4 20. Qc2 f3 21. Nf4 Bd4+ 22. Kh1 fxg2+ 23. Kxg2 Qg5+ 24. Kh3 Ne5 0-1

[Event "Skelleftea op (Women)"]
[Site "Skelleftea"]
[Date "2000.??.??"]
[Round "1"]
[White "Rubene, Ilze"]
[Black "Andersson, Christin"]
[Result "1/2-1/2"]
[WhiteElo "2218"]
[BlackElo "2070"]
[PlyCount "142"]
[EventDate "2000.??.??"]
[EventType "swiss"]
[EventRounds "8"]
[EventCountry "SWE"]
[SourceTitle "EXT 2001"]
[Source "ChessBase"]
[SourceDate "2000.11.22"]
[SourceVersion "1"]
[SourceVersionDate "2000.11.22"]
[SourceQuality "1"]

1. d4 d5 2. Nf3 Nf6 3. c4 c6 4. Nc3 e6 5. cxd5 exd5 6. Qc2 Bb4 7. a3 Bxc3+ 8. bxc3 Ne4 9. e3 Bf5 10. Bd3 0-0 11. 0-0 Nd7 12. c4 Re8 13. Rb1 Rb8 14. a4 Qf6 15. Ba3 Bh3 16. Rfc1 Re6 17. cxd5 Qxf3 18. Bxe4 Qxe4 19. Qxe4 Rxe4 20. gxh3 c5 21. Bxc5 b6 22. Ba3 f5 23. Bd6 Rbe8 24. Bf4 h6 25. h4 g5 26. hxg5 hxg5 27. f3 R4e7 28. d6 Rg7 29. Be5 Nxe5 30. dxe5 Rxe5 31. Rc8+ Kh7 32. Rd1 Rd7 33. Kf2 Kg7 34. Rc7 Rxc7 35. dxc7 Rc5 36. Rd7+ Kf6 37. Kg3 Ke5 38. h4 gxh4+ 39. Kxh4 a6 40. f4+ Ke6 41. Rh7 Kd6 42. Kg5 b5 43. axb5 axb5 44. c8Q Rxc8 45. Kxf5 b4 46. e4 Rf8+ 47. Kg5 Rb8 48. e5+ Kd5 49. Kf5 b3 50. Rd7+ Kc6 51. Rd1 b2 52. Rb1 Rb4 53. Kg5 Kd5 54. Rd1+ Kc5 55. Rb1 Kd4 56. Kf6 Kd5 57. f5 Rb6+ 58. e6 Ke4 59. Kf7 Kxf5 60. Rf1+ Kg5 61. Rb1 Rb3 62. Rg1+ Kh6 63. Rb1 Rf3+ 64. Ke7 Rf2 65. Re1 Re2 66. Rf1 Kg6 67. Kd7 Rf2 68. Re1 Rd2+ 69. Ke7 Rg2 70. Kd7 Rd2+ 71. Ke7 Rg2 1/2-1/2

[Event "Stockholm Scandic op (Women)"]
[Site "Stockholm"]
[Date "2000.??.??"]
[Round "?"]
[White "Rubene, Ilze"]
[Black "Dalmau, Anneli"]
[Result "1/2-1/2"]
[WhiteElo "2218"]
[BlackElo "2026"]
[PlyCount "64"]
[EventDate "2000.??.??"]
[EventType "swiss"]
[EventRounds "7"]
[EventCountry "SWE"]
[SourceTitle "EXT 2006"]
[Source "ChessBase"]
[SourceDate "2005.11.24"]
[SourceVersion "1"]
[SourceVersionDate "2005.11.24"]
[SourceQuality "1"]

1. d4 f5 2. g3 Nf6 3. Bg2 g6 4. Nf3 Bg7 5. 0-0 0-0 6. b4 d5 7. Nbd2 c6 8. Nb3 Ne4 9. Bf4 Nd7 10. Qd3 e6 11. Be5 Ndf6 12. e3 Nd6 13. Nfd2 Nf7 14. f3 b6 15. Rfd1 Qe7 16. a3 Bb7 17. Bxf6 Bxf6 18. f4 Nd6 19. c3 Kh8 20. a4 g5 21. Rab1 Rg8 22. c4 dxc4 23. Nxc4 Rac8 24. Ne5 gxf4 25. exf4 Rgd8 26. Qe3 Nf7 27. Nd2 Nh6 28. Ndf3 c5 29. bxc5 Be4 30. Rbc1 bxc5 31. dxc5 Rd5 32. c6 Qc7 1/2-1/2

[Event "Stockholm Scandic op (Women)"]
[Site "Stockholm"]
[Date "2000.??.??"]
[Round "?"]
[White "Rubene, Ilze"]
[Black "Ericsson, Susanne"]
[Result "1-0"]
[WhiteElo "2218"]
[BlackElo "2111"]
[PlyCount "84"]
[EventDate "2000.??.??"]
[EventType "swiss"]
[EventRounds "7"]
[EventCountry "SWE"]
[SourceTitle "EXT 2006"]
[Source "ChessBase"]
[SourceDate "2005.11.24"]
[SourceVersion "1"]
[SourceVersionDate "2005.11.24"]
[SourceQuality "1"]

1. d4 Nf6 2. c4 c5 3. d5 b5 4. a4 Qa5+ 5. Bd2 b4 6. f3 d6 7. e4 g6 8. b3 Bg7 9. Ra2 Qc7 10. Qc1 h6 11. Bd3 Nbd7 12. f4 0-0 13. Nf3 Re8 14. 0-0 Nf8 15. Be1 Bg4 16. Re2 Bxf3 17. Rxf3 N6d7 18. h4 h5 19. Nd2 e6 20. Kh1 Qd8 21. Qd1 Bh6 22. Nf1 Nf6 23. Bg3 Ng4 24. Ne3 e5 25. Qe1 Nd7 26. Nxg4 hxg4 27. Rf1 exf4 28. Bxf4 Bxf4 29. Rxf4 Ne5 30. Bc2 Kg7 31. g3 Rh8 32. Kg2 g5 33. hxg5 Qxg5 34. Bd1 Nd3 35. Qd2 Nxf4+ 36. Qxf4 Qh5 37. Kf2 Rh6 38. Ke1 Rf6 39. Qe3 Rf3 40. Qg1 Qe5 41. Re3 Rxe3+ 42. Qxe3 Re8 1-0

[Event "Scandic Hotels CC (Women)"]
[Site "Stockholm"]
[Date "1999.08.06"]
[Round "7"]
[White "Shour, Janna"]
[Black "Rubene, Ilze"]
[Result "1/2-1/2"]
[WhiteElo "2234"]
[BlackElo "2187"]
[PlyCount "43"]
[EventDate "1999.07.31"]
[EventType "tourn"]
[EventRounds "9"]
[EventCountry "SWE"]
[SourceTitle "CBM 071 Extra"]
[Source "ChessBase"]
[SourceDate "1999.09.14"]
[SourceVersion "1"]
[SourceVersionDate "1999.09.14"]
[SourceQuality "1"]

1. Nf3 d5 2. g3 g6 3. Bg2 Bg7 4. 0-0 e5 5. d3 Ne7 6. Nbd2 h6 7. e4 c6 8. Re1 Qc7 9. d4 exd4 10. exd5 0-0 11. Nb3 Nxd5 12. Nfxd4 Qd8 13. c4 Nb6 14. c5 Nd5 15. Nb5 Na6 16. Nd6 Nxc5 17. Nxc8 Nxb3 18. Qxb3 Qxc8 19. Bxd5 cxd5 20. Qxd5 Rd8 21. Qb3 Rd7 22. Bf4 1/2-1/2

[Event "Scandic Hotels CC (Women)"]
[Site "Stockholm"]
[Date "1999.08.03"]
[Round "4"]
[White "Klinova, Masha"]
[Black "Rubene, Ilze"]
[Result "1-0"]
[WhiteElo "2359"]
[BlackElo "2187"]
[PlyCount "89"]
[EventDate "1999.07.31"]
[EventType "tourn"]
[EventRounds "9"]
[EventCountry "SWE"]
[SourceTitle "CBM 071 Extra"]
[Source "ChessBase"]
[SourceDate "1999.09.14"]
[SourceVersion "1"]
[SourceVersionDate "1999.09.14"]
[SourceQuality "1"]

1. e4 e6 2. d3 d5 3. Nd2 c5 4. Ngf3 Nc6 5. g3 Bd6 6. Bg2 Nge7 7. 0-0 0-0 8. Re1 b6 9. Nf1 Bc7 10. Qe2 h6 11. a3 a5 12. h4 dxe4 13. Qxe4 Rb8 14. N1h2 Nd4 15. Nxd4 Qxd4 16. Nf3 Qxe4 17. dxe4 Rd8 18. Be3 Nc6 19. Rad1 Ba6 20. Bf1 Bxf1 21. Kxf1 a4 22. Ke2 Na5 23. Rxd8+ Rxd8 24. Nd2 Kf8 25. f4 f5 26. h5 Rd7 27. e5 Bd8 28. Rd1 Ke8 29. Nb1 Nc4 30. Bc1 b5 31. Nc3 Rb7 32. Rg1 Ba5 33. Nd1 b4 34. Ne3 Nxe3 35. Bxe3 bxa3 36. bxa3 c4 37. Bd2 c3 38. Be3 Rd7 39. Rb1 Kf7 40. Rb8 Bd8 41. Ra8 g6 42. hxg6+ Kxg6 43. Rxa4 h5 44. Ra6 Kf7 45. a4 1-0

[Event "Viking op"]
[Site "Aaland/Stockholm"]
[Date "1997.08.26"]
[Round "4"]
[White "Plachetka, Jan"]
[Black "Rubene, Ilze"]
[Result "1-0"]
[WhiteElo "2445"]
[BlackElo "2180"]
[PlyCount "47"]
[EventDate "1997.08.??"]
[EventType "swiss"]
[EventRounds "9"]
[EventCountry "SWE"]
[SourceTitle "EXT 1998"]
[Source "ChessBase"]
[SourceDate "1997.11.17"]
[SourceVersion "1"]
[SourceVersionDate "1997.11.17"]
[SourceQuality "1"]

1. e4 g6 2. d4 Bg7 3. Nc3 c6 4. Nf3 d5 5. h3 Nf6 6. e5 Ne4 7. Bd3 Nxc3 8. bxc3 0-0 9. c4 dxc4 10. Bxc4 c5 11. c3 Qa5 12. Bd2 Nc6 13. 0-0 Qc7 14. Qe2 b6 15. Bf4 Na5 16. Bd5 Bb7 17. Bxb7 Nxb7 18. d5 c4 19. Rad1 b5 20. Nd4 Qc5 21. Nc6 Rfe8 22. Qb2 e6 23. Be3 Qf8 24. Qxb5 1-0

[Event "Cappelle op 13th"]
[Site "Cappelle la Grande"]
[Date "1997.??.??"]
[Round "5"]
[White "Dumitrache, Dragos Nicolae"]
[Black "Rubene, Ilze"]
[Result "1-0"]
[WhiteElo "2495"]
[BlackElo "2170"]
[PlyCount "114"]
[EventDate "1997.02.15"]
[EventType "swiss"]
[EventRounds "9"]
[EventCountry "FRA"]
[SourceTitle "CBM 057 Extra"]
[Source "ChessBase"]
[SourceDate "1997.05.01"]
[SourceVersion "1"]
[SourceVersionDate "1997.05.01"]
[SourceQuality "1"]

1. d4 d5 2. c4 c6 3. Nf3 Nf6 4. Qb3 Qb6 5. Nc3 Qxb3 6. axb3 e6 7. Bf4 Na6 8. c5 Nh5 9. e3 Nxf4 10. exf4 Nc7 11. b4 a6 12. Bd3 Be7 13. Kd2 0-0 14. h4 Bd7 15. Na4 Rad8 16. Nb6 Bc8 17. Rae1 f5 18. Re3 Bf6 19. Kc3 Bd7 20. Ng5 Bxg5 21. hxg5 g6 22. Be2 Rf7 23. Kb3 Be8 24. Ka4 Kf8 25. Ka5 Re7 26. Reh3 Kg8 27. Na4 Rc8 28. Nc3 Rd8 29. Nb1 Na8 30. Nd2 Rb8 31. Ka4 b5+ 32. Ka5 Nc7 33. Nf3 Rb7 34. Ne5 Rb8 35. Re3 Rb7 36. Re1 Rb8 37. Bd1 Rg7 38. g4 Kf8 39. Bc2 Kg8 40. Nf3 Kf8 41. Ne5 Rb7 42. Rh1 Kg8 43. Rh6 Rb8 44. Bd3 Bd7 45. gxf5 exf5 46. Nxd7 Rxd7 47. Bxf5 gxf5 48. Rxc6 Rf8 49. Rb6 Kg7 50. Rb7 Rdf7 51. Kb6 Rc8 52. Rh3 Ne6 53. Rxh7+ Kxh7 54. Rxf7+ Kg8 55. Rxf5 Nxd4 56. Rxd5 Ne6 57. f5 Nxg5 1-0

[Event "Dresden (Women)"]
[Site "Dresden"]
[Date "1996.??.??"]
[Round "?"]
[White "Delemarre, Isabel"]
[Black "Rubene, Ilze"]
[Result "1/2-1/2"]
[WhiteElo "2210"]
[BlackElo "2190"]
[PlyCount "66"]
[EventDate "1996.??.??"]
[EventType "tourn"]
[EventRounds "9"]
[EventCountry "GER"]
[SourceTitle "EXT 1997"]
[Source "ChessBase"]
[SourceDate "1996.11.15"]
[SourceVersion "1"]
[SourceVersionDate "1996.11.15"]
[SourceQuality "1"]

1. e4 g6 2. d4 c6 3. Nc3 Bg7 4. Bc4 d5 5. exd5 b5 6. Bb3 b4 7. Nce2 cxd5 8. a3 bxa3 9. Rxa3 Nf6 10. Nf3 0-0 11. 0-0 Bg4 12. Ne5 Bxe2 13. Qxe2 Qb6 14. Be3 e6 15. Rfa1 Qb7 16. Ra5 a6 17. R1a2 Rd8 18. h3 Rd6 19. Bf4 Rb6 20. Nd3 Nfd7 21. Nc5 Qc8 22. Qd3 Nc6 23. Nxd7 Qxd7 24. Rxa6 Rbxa6 25. Rxa6 Rxa6 26. Qxa6 Nxd4 27. Qa8+ Bf8 28. Ba4 Qe7 29. Be5 Nf5 30. c3 f6 31. Bf4 g5 32. Bd2 Nd6 33. b4 Ne4 1/2-1/2

[Event "Dresden (Women)"]
[Site "Dresden"]
[Date "1996.??.??"]
[Round "?"]
[White "Nikolin, Zorica"]
[Black "Rubene, Ilze"]
[Result "1-0"]
[WhiteElo "2200"]
[BlackElo "2190"]
[PlyCount "75"]
[EventDate "1996.??.??"]
[EventType "tourn"]
[EventRounds "9"]
[EventCountry "GER"]
[SourceTitle "EXT 1997"]
[Source "ChessBase"]
[SourceDate "1996.11.15"]
[SourceVersion "1"]
[SourceVersionDate "1996.11.15"]
[SourceQuality "1"]

1. e4 Nf6 2. e5 Nd5 3. d4 d6 4. c4 Nb6 5. exd6 cxd6 6. a4 g6 7. a5 N6d7 8. Nc3 Bg7 9. Nf3 0-0 10. Be2 Nc6 11. Ra3 Nxa5 12. d5 b6 13. b4 Nb7 14. Nd4 e5 15. Nc6 Qh4 16. g3 Qh3 17. Bf1 Qh5 18. Qxh5 gxh5 19. Bh3 Bf6 20. Rxa7 Rxa7 21. Nxa7 e4 22. Nxe4 Re8 23. f3 Ndc5 24. Bxc8 Nxe4 25. fxe4 Rxe4+ 26. Kf2 Rxc4 27. Bxb7 Rc7 28. Nb5 Rxb7 29. Nxd6 Rd7 30. Ne4 Bd4+ 31. Be3 Rxd5 32. Ke2 f5 33. Rd1 fxe4 34. Rxd4 Re5 35. Rd8+ Kg7 36. Bxb6 h4 37. gxh4 Kg6 38. Rg8+ 1-0

[Event "Dresden (Women)"]
[Site "Dresden"]
[Date "1996.??.??"]
[Round "?"]
[White "Rubene, Ilze"]
[Black "Buettner, Uta"]
[Result "1-0"]
[WhiteElo "2190"]
[BlackElo "2000"]
[PlyCount "113"]
[EventDate "1996.??.??"]
[EventType "tourn"]
[EventRounds "9"]
[EventCountry "GER"]
[SourceTitle "EXT 1997"]
[Source "ChessBase"]
[SourceDate "1996.11.15"]
[SourceVersion "1"]
[SourceVersionDate "1996.11.15"]
[SourceQuality "1"]

1. d4 d5 2. Nf3 Nf6 3. c4 e6 4. Nc3 Bb4 5. a3 Bxc3+ 6. bxc3 c5 7. e3 Ne4 8. Bd2 Qa5 9. Qb3 dxc4 10. Bxc4 Nxd2 11. Nxd2 cxd4 12. cxd4 0-0 13. Ra2 Qg5 14. 0-0 b6 15. f4 Qe7 16. Rf3 Bb7 17. Rh3 Nd7 18. Qb1 f5 19. g4 Kh8 20. g5 Qd6 21. Kf2 Bd5 22. Qb4 Qxb4 23. axb4 b5 24. Bxd5 exd5 25. Nb3 Rfe8 26. Ra6 Rec8 27. Nc5 Nxc5 28. bxc5 b4 29. Rg3 Rc7 30. Rg1 Rd7 31. Rb1 Rb8 32. Rb3 g6 33. h4 Kg7 34. Ke2 Kf7 35. Kd2 Ke7 36. Kc2 Kd8 37. Rd3 Rb5 38. Kb3 Kc8 39. Ka4 Rb8 40. Kb3 Rb5 41. Rd1 Re7 42. Re1 Kb7 43. Rd6 Kc8 44. h5 gxh5 45. Rxd5 Rf7 46. Ra1 a5 47. Re5 Kd8 48. Kc4 Rb8 49. Kb3 Ra8 50. c6 Kc7 51. Raxa5 Rxa5 52. Rxa5 Kxc6 53. Kxb4 Rb7+ 54. Kc4 Rb1 55. Rxf5 h4 56. Rf6+ Kd7 57. Kd5 1-0

[Event "Dresden (Women)"]
[Site "Dresden"]
[Date "1996.??.??"]
[Round "?"]
[White "Rubene, Ilze"]
[Black "Dergatschova, Anna"]
[Result "0-1"]
[WhiteElo "2190"]
[BlackElo "2205"]
[PlyCount "72"]
[EventDate "1996.??.??"]
[EventType "tourn"]
[EventRounds "9"]
[EventCountry "GER"]
[SourceTitle "EXT 1997"]
[Source "ChessBase"]
[SourceDate "1996.11.15"]
[SourceVersion "1"]
[SourceVersionDate "1996.11.15"]
[SourceQuality "1"]

1. d4 e6 2. Nf3 Nf6 3. Bg5 Be7 4. Nbd2 d6 5. e4 Nbd7 6. c3 b6 7. Bd3 Bb7 8. 0-0 h6 9. Bxf6 Bxf6 10. Re1 e5 11. d5 0-0 12. b4 g6 13. a4 Bg7 14. a5 f5 15. c4 f4 16. Nb3 g5 17. Nfd2 Bc8 18. f3 Qe8 19. c5 bxc5 20. bxc5 dxc5 21. Qc2 g4 22. Bb5 Qg6 23. Rab1 Rd8 24. Nxc5 Nxc5 25. Qxc5 Bd7 26. Bxd7 Rxd7 27. Qc3 Rc8 28. Rb7 Qa6 29. Reb1 h5 30. Kf2 Bf6 31. Nc4 Kh7 32. Kg1 Rg7 33. Kh1 gxf3 34. gxf3 Rcg8 35. Qb4 Be7 36. Qb5 Qg6 0-1

[Event "Koop Tjuchem op"]
[Site "Groningen"]
[Date "1996.??.??"]
[Round "1"]
[White "Rubene, Ilze"]
[Black "Kachiani Gersinska, Ketino"]
[Result "0-1"]
[WhiteElo "2190"]
[BlackElo "2415"]
[PlyCount "94"]
[EventDate "1996.12.20"]
[EventType "swiss"]
[EventRounds "11"]
[EventCountry "NED"]
[SourceTitle "EXT 1998"]
[Source "ChessBase"]
[SourceDate "1997.11.17"]
[SourceVersion "1"]
[SourceVersionDate "1997.11.17"]
[SourceQuality "1"]

1. d4 Nf6 2. Nf3 g6 3. c4 Bg7 4. Nc3 0-0 5. e4 d6 6. h3 e5 7. dxe5 dxe5 8. Qxd8 Rxd8 9. Bg5 Rf8 10. Nd5 Nxd5 11. cxd5 c6 12. Bc4 b5 13. Bb3 Bb7 14. Rd1 c5 15. Be7 Rc8 16. 0-0 a5 17. Rfe1 Nd7 18. Bg5 Bf8 19. Bc2 c4 20. Nh2 f6 21. Bc1 Bd6 22. Ng4 a4 23. a3 c3 24. Bd3 Ba6 25. bxc3 Rxc3 26. Bb2 Rb3 27. Rd2 b4 28. Bxa6 Rxa6 29. Rc1 bxa3 30. Ba1 Rab6 31. Kh2 Rb1 32. Rc8+ Kg7 33. Bc3 Nc5 34. f3 R1b2 35. Rd1 R6b3 36. Bxb2 axb2 37. Rb1 h5 38. Nf2 a3 39. Ra8 Rc3 40. Nd1 Rc1 41. Nxb2 Rxb1 42. Nc4 Nb7 43. Nxd6 Nxd6 44. Rxa3 h4 45. Ra6 Nc4 46. Ra7+ Kh6 47. Ra2 Ne3 0-1

[Event "Dresden (Women)"]
[Site "Dresden"]
[Date "1996.??.??"]
[Round "?"]
[White "Schaefer, Anke"]
[Black "Rubene, Ilze"]
[Result "1/2-1/2"]
[WhiteElo "2155"]
[BlackElo "2190"]
[PlyCount "50"]
[EventDate "1996.??.??"]
[EventType "tourn"]
[EventRounds "9"]
[EventCountry "GER"]
[SourceTitle "EXT 1997"]
[Source "ChessBase"]
[SourceDate "1996.11.15"]
[SourceVersion "1"]
[SourceVersionDate "1996.11.15"]
[SourceQuality "1"]

1. e4 c6 2. d4 g6 3. Nc3 Bg7 4. Nf3 d6 5. h3 b5 6. Bd3 a6 7. Ne2 e5 8. dxe5 dxe5 9. a4 Bb7 10. 0-0 Nd7 11. b4 Ngf6 12. Bg5 0-0 13. Qd2 Qc7 14. Ng3 Rfd8 15. Qe2 Bf8 16. Rfb1 Qd6 17. Nh2 h5 18. Nf3 Bg7 19. Ne1 Nf8 20. Qf3 Ne6 21. Be3 Ne8 22. c3 N8c7 23. Rd1 Qe7 24. Bb6 Nf4 25. Ne2 Nfe6 1/2-1/2

[Event "BL 9495 (Women)"]
[Site "Germany"]
[Date "1994.10.23"]
[Round "4.2"]
[White "Semina, Svetlana"]
[Black "Rubene, Ilze"]
[Result "1-0"]
[WhiteElo "2205"]
[BlackElo "2255"]
[PlyCount "81"]
[EventDate "1994.10.01"]
[EventType "team-tourn"]
[EventRounds "11"]
[EventCountry "GER"]
[SourceTitle "EXT 1997"]
[Source "ChessBase"]
[SourceDate "1996.11.15"]
[SourceVersion "1"]
[SourceVersionDate "1996.11.15"]
[SourceQuality "1"]
[WhiteTeam "Bochum SG"]
[BlackTeam "Stade"]
[WhiteTeamCountry "GER"]
[BlackTeamCountry "GER"]

1. e4 c6 2. d4 d5 3. Nc3 dxe4 4. Nxe4 Nf6 5. Ng5 h6 6. N5f3 Bg4 7. h3 Bf5 8. Bc4 e6 9. c3 Bd6 10. Qe2 Be4 11. Ne5 Qe7 12. Ngf3 a6 13. 0-0 0-0 14. Bf4 c5 15. dxc5 Bxc5 16. Rad1 b5 17. Bd3 Bxd3 18. Qxd3 Nd5 19. Bg3 Nd7 20. Nc6 Qf6 21. Nfe5 Nxe5 22. Bxe5 Qh4 23. b4 Rfc8 24. bxc5 Rxc6 25. Qd4 Qxd4 26. cxd4 f6 27. Bd6 Kf7 28. Rfe1 b4 29. g4 g5 30. Rd2 a5 31. Kg2 a4 32. Kg3 Re8 33. h4 Kg6 34. hxg5 hxg5 35. f3 f5 36. gxf5+ Kxf5 37. Re5+ Kf6 38. Rh2 Nf4 39. Rh6+ Kg7 40. Rh2 Kg6 41. Kg4 1-0

[Event "BL 9495 (Women)"]
[Site "Germany"]
[Date "1994.10.01"]
[Round "1.2"]
[White "Korenova, Martina"]
[Black "Rubene, Ilze"]
[Result "1-0"]
[WhiteElo "2190"]
[BlackElo "2255"]
[PlyCount "95"]
[EventDate "1994.10.01"]
[EventType "team-tourn"]
[EventRounds "11"]
[EventCountry "GER"]
[SourceTitle "EXT 1997"]
[Source "ChessBase"]
[SourceDate "1996.11.15"]
[SourceVersion "1"]
[SourceVersionDate "1996.11.15"]
[SourceQuality "1"]
[WhiteTeam "Dresden SC 1898"]
[BlackTeam "Stade"]
[WhiteTeamCountry "GER"]
[BlackTeamCountry "GER"]

1. e4 Nf6 2. e5 Nd5 3. d4 d6 4. c4 Nb6 5. exd6 cxd6 6. Nc3 g6 7. h3 Bg7 8. Nf3 0-0 9. Be3 Nc6 10. Rc1 d5 11. c5 Nc4 12. Bxc4 dxc4 13. 0-0 Bf5 14. b3 cxb3 15. Qxb3 Qd7 16. Rfd1 Rad8 17. d5 Ne5 18. Nxe5 Bxe5 19. c6 bxc6 20. dxc6 Qxc6 21. Nd5 Qe6 22. Bc5 Rd7 23. Qf3 Be4 24. Nxe7+ Rxe7 25. Qe3 Rfe8 26. Bxe7 Qxe7 27. Rc4 f5 28. Qb3 Qe6 29. Rc8 Kg7 30. Rxe8 Qxe8 31. Qa3 Qf7 32. Qa4 Bf6 33. Rd7 Be7 34. Qd4+ Kg8 35. Qxa7 Kf8 36. Qd4 Qf6 37. Qxf6+ Bxf6 38. a4 Bc6 39. Rd6 Bxa4 40. Rxf6+ Ke7 41. Ra6 Bd7 42. f4 Be6 43. Ra7+ Bd7 44. Kf2 h6 45. Ke3 g5 46. Kd4 Kd6 47. Ra6+ Bc6 48. Rxc6+ 1-0

[Event "Cappelle op 10th"]
[Site "Cappelle la Grande"]
[Date "1994.??.??"]
[Round "6"]
[White "Kempinski, Robert"]
[Black "Rubene, Ilze"]
[Result "1-0"]
[WhiteElo "2385"]
[BlackElo "2255"]
[PlyCount "61"]
[EventDate "1994.02.??"]
[EventType "swiss"]
[EventRounds "9"]
[EventCountry "FRA"]
[SourceTitle "TD"]
[Source "ChessBase"]
[SourceDate "1994.03.01"]
[SourceVersion "1"]
[SourceVersionDate "1994.03.01"]
[SourceQuality "1"]

1. Nf3 d5 2. d4 c6 3. c4 Nf6 4. e3 g6 5. Nc3 Bg7 6. Be2 0-0 7. 0-0 e6 8. Qc2 Nbd7 9. Rd1 b6 10. b4 dxc4 11. e4 Qe7 12. b5 c5 13. Bf4 Ne8 14. e5 cxd4 15. Rxd4 h6 16. Rxc4 Bb7 17. Rd1 Nc5 18. Qd2 Kh7 19. Nd4 Nc7 20. Nc6 Bxc6 21. bxc6 Rfd8 22. Rd4 Rxd4 23. Qxd4 Rc8 24. Bf3 N7a6 25. Nb5 Bf8 26. h3 Kg7 27. Qd6 Qh4 28. Qd2 g5 29. g3 Qxh3 30. Bxg5 Kh7 31. Qd4 1-0